Beginning C# oriented programming (Record no. 170676)

MARC details
000 -LEADER
fixed length control field 00362nam a2200145Ia 4500
008 - FIXED-LENGTH DATA ELEMENTS--GENERAL INFORMATION
fixed length control field 230917s9999||||xx |||||||||||||| ||und||
040 ## - CATALOGING SOURCE
-- 199998
Original cataloging agency VIVEKANANDA LIBRARY
041 ## - Language
-- English
082 ## - DDC NUMBER
Classification number 005.133 C547B
100 ## - MAIN ENTRY--PERSONAL NAME
Personal name Clark, Dan
245 #0 - TITLE STATEMENT
Title Beginning C# oriented programming
260 ## - PUBLICATION, DISTRIBUTION, ETC. (IMPRINT)
Place of publication, distribution, etc Delhi
Name of publisher, distributor, etc Springer (India)
Date of publication, distribution, etc 2011
300 ## - PHYSICAL DESCRIPTION
Pages xv, 362 p.
942 ## - ADDED ENTRY ELEMENTS (KOHA)
Koha item type Books
Holdings
Withdrawn status Lost status Damaged status Not for loan Location (home branch) Sublocation or collection (holding branch) Date acquired Koha issues (times borrowed) Koha full call number Accession No. Koha date last seen Koha item type
        VIVEKANANDA LIBRARY VIVEKANANDA LIBRARY 25/06/2012   005.133 C547B 318402 17/09/2023 Books
© Designed and Maintained by Vivekananda Library, MDU Rohtak